A tagsági jogviták eljárásjogi kérdései a mezőgazdasági termelőszövetkezetekben

Elmentve itt :
Bibliográfiai részletek
Szerző: Kormányos József
Dokumentumtípus: Cikk
Megjelent: 1970
Sorozat:Acta Universitatis Szegediensis de Attila József nominatae : acta iuvenum : sectio juridica et politica 4
Kulcsszavak:Szövetkezeti jog - magyar - tagsági jogviták
Tárgyszavak:
Online Access:http://acta.bibl.u-szeged.hu/6151
LEADER 00845nab a2200205 i 4500
001 acta6151
005 20250319084635.0
008 161015s1970 hu o 000 hun d
022 |a 0324-6523 
040 |a SZTE Egyetemi Kiadványok Repozitórium  |b hun 
041 |a hun 
100 1 |a Kormányos József 
245 1 2 |a A tagsági jogviták eljárásjogi kérdései a mezőgazdasági termelőszövetkezetekben  |h [elektronikus dokumentum] /  |c  Kormányos József 
260 |c 1970 
300 |a 72-96 
490 0 |a Acta Universitatis Szegediensis de Attila József nominatae : acta iuvenum : sectio juridica et politica  |v 4 
650 4 |a Társadalomtudományok 
650 4 |a Jogtudomány 
695 |a Szövetkezeti jog - magyar - tagsági jogviták 
856 4 0 |u http://acta.bibl.u-szeged.hu/6151/1/iuvenum_juridica_et_politica_004_072-096.pdf  |z Dokumentum-elérés